000 00340nam a22001337a 4500
008 170811b xxu||||| |||| 00| 0 eng d
020 _a0135609135
041 _aeng
080 _a51
100 _a36
101 _aMAT
245 _aMATHEMATICAL METHODS FOR ARTIFICIAL INTELLIGENCE AND AUTONOMOUS SYSTEMS
_cDOUGHERTY,E.R
942 _2udc
_cBK
999 _c23212
_d23212